<?xml version="1.0" encoding="UTF-8"?>
<record
    xmlns:xsi="http://www.w3.org/2001/XMLSchema-instance"
    xsi:schemaLocation="http://www.loc.gov/MARC21/slim http://www.loc.gov/standards/marcxml/schema/MARC21slim.xsd"
    xmlns="http://www.loc.gov/MARC21/slim">

  <leader>01066nam a22002657a 4500</leader>
  <controlfield tag="003">DO-SdBNP</controlfield>
  <controlfield tag="005">20240319114521.0</controlfield>
  <controlfield tag="007">ta</controlfield>
  <controlfield tag="008">230206b        |||||||| |||| 00| 0 spa d</controlfield>
  <datafield tag="020" ind1=" " ind2=" ">
    <subfield code="a">978-9945-18-327-6</subfield>
  </datafield>
  <datafield tag="040" ind1=" " ind2=" ">
    <subfield code="a">DO-SdBNP</subfield>
    <subfield code="b">spa</subfield>
    <subfield code="c">BNPHU</subfield>
  </datafield>
  <datafield tag="082" ind1=" " ind2="4">
    <subfield code="a">RD860.508</subfield>
    <subfield code="b">S698L</subfield>
    <subfield code="2">22</subfield>
  </datafield>
  <datafield tag="245" ind1="0" ind2="0">
    <subfield code="a">Son de la loma :</subfield>
    <subfield code="b"> antolog&#xED;a  de escritos ocoe&#xF1;os /</subfield>
    <subfield code="c">compilador y editor, Luis F. Subero;  coordinaci&#xF3;n, Dario Tejeda ; pr&#xF3;logo, &#xC1;ngel Emilio Pimentel</subfield>
  </datafield>
  <datafield tag="260" ind1=" " ind2=" ">
    <subfield code="a">Santo Domingo :</subfield>
    <subfield code="b">Ateneo Ocoe&#xF1;o, </subfield>
    <subfield code="c">2023</subfield>
  </datafield>
  <datafield tag="300" ind1=" " ind2=" ">
    <subfield code="a">402 p. :</subfield>
    <subfield code="b">il., retrs.,</subfield>
    <subfield code="c">xx cm.</subfield>
  </datafield>
  <datafield tag="490" ind1="0" ind2=" ">
    <subfield code="a">Ateneo Ocoe&#xF1;o ;</subfield>
  </datafield>
  <datafield tag="650" ind1=" " ind2="4">
    <subfield code="a">Literatura dominicana</subfield>
    <subfield code="z">Rep&#xFA;blica Dominicana</subfield>
    <subfield code="z">San Jos&#xE9; de Ocoa (Rep&#xFA;blica Dominicana)</subfield>
    <subfield code="9">83073</subfield>
  </datafield>
  <datafield tag="650" ind1=" " ind2="4">
    <subfield code="a">Literatura dominicana</subfield>
    <subfield code="v">Antolog&#xED;a </subfield>
    <subfield code="9">83074</subfield>
  </datafield>
  <datafield tag="650" ind1=" " ind2="4">
    <subfield code="a">Autores ocoe&#xF1;os </subfield>
    <subfield code="v">Antolog&#xED;a literaria </subfield>
    <subfield code="9">83077</subfield>
  </datafield>
  <datafield tag="651" ind1=" " ind2="4">
    <subfield code="a">Rep&#xFA;blica Dominicana</subfield>
    <subfield code="v">Antolog&#xED;a literaria </subfield>
    <subfield code="9">83078</subfield>
  </datafield>
  <datafield tag="700" ind1="1" ind2=" ">
    <subfield code="a">Subero, Luis F. </subfield>
    <subfield code="e">comp.</subfield>
    <subfield code="9">83075</subfield>
  </datafield>
  <datafield tag="700" ind1="1" ind2=" ">
    <subfield code="a">Tejeda, Dar&#xED;o</subfield>
    <subfield code="e">coord.</subfield>
    <subfield code="9">2540</subfield>
  </datafield>
  <datafield tag="700" ind1="1" ind2=" ">
    <subfield code="a"> Pimentel, Angel Emilio,</subfield>
    <subfield code="e">pr&#xF3;logo</subfield>
    <subfield code="9">83076</subfield>
  </datafield>
  <datafield tag="942" ind1=" " ind2=" ">
    <subfield code="2">ddc</subfield>
    <subfield code="c">LBS1</subfield>
  </datafield>
  <datafield tag="999" ind1=" " ind2=" ">
    <subfield code="c">53125</subfield>
    <subfield code="d">53125</subfield>
  </datafield>
</record>
